Nekfeu ou Socrate ? - Statistiques

Statistiques générales
  • Ce quiz a été pris 558 fois
  • Le résultat moyen est 15 sur 20
Statistiques - réponses
Hint Réponse % Correct
"Je veux faire le tour de ma planète comme les anneaux de Saturne." Nekfeu
91%
“La première clé de la grandeur est d'être en réalité ce que nous semblons être.” Socrate
91%
"Les liens se font et se défont, les humains s'offensent et se défoncent." Nekfeu
89%
“Si un âne te donne un coup de pied, ne lui rends pas. ” Socrate
88%
"Le passé fut turbulent et nous réserve un futur brûlant." Nekfeu
85%
"La mort avant le déshonneur." Nekfeu
82%
“Le mal vient de ce que l’homme se trompe au sujet du bien.” Socrate
81%
"L'amour : le sérum et le venin, vu qu'on aime avoir mal." Nekfeu
80%
“Tout ce que je sais, c’est que je ne sais rien.” Socrate
80%
"À force de contempler la noirceur, on fini par s’y perdre." Nekfeu
78%
"L'amour est une essence, la mort est une naissance." Nekfeu
77%
“Mieux vaut encore subir l'injure que la commettre. ” Socrate
77%
“Les gens qu'on interroge, pourvu qu'on les interroge bien, trouvent d'eux-mêmes les bonnes réponses. ” Socrate
76%
“L’âme déréglée est comme un tonneau percé à cause de sa nature insatiable.” Socrate
73%
"On pense au lendemain vu que l'avenir n'attend pas." Nekfeu
72%
"On ne se rend compte des choses qui comptent que quand on nous les arrache." Nekfeu
71%
“Rien n'est trop difficile pour la jeunesse.” Socrate
64%
“Un homme qui a faim n'examine pas la sauce.” Socrate
62%
"L'ami, si tu souffres, le temps maquillera les cicatrices." Nekfeu
50%
“Le temps malgré tout a trouvé la solution malgré toi.” Socrate
46%
Aucun quiz correspondant
Distribution des résultats
% des personnes avec chaque résultat
Percentile par nombre de réponses
Votre historique - résultats
Vous n’avez pas pris ce quiz